| 000 | 00680nam a22002177a 4500 | ||
|---|---|---|---|
| 999 |
_c2368 _d2368 |
||
| 003 | AR-CdUCM | ||
| 008 | 190304b ||||| |||| 00| 0 spa d | ||
| 040 |
_aMUNICIPALIDAD PROVINCIAL DEL CUSCO _cBIBLIOTECA MUNICIPAL DEL CUSCO |
||
| 082 |
_a365.985 / _bJ24 |
||
| 100 |
_aJara Támara, Abraham _98512 |
||
| 245 | _aRostros velados de ahora y siempre / | ||
| 260 |
_aLima : _bCONCYTEC. |
||
| 300 |
_a105 páginas ; _c21 cm. |
||
| 500 | _aAcerca de la isla del Frontón | ||
| 650 |
_aPerú _935 |
||
| 650 |
_aPrisiones _98398 |
||
| 650 |
_aRelatos personales _93361 |
||
| 710 |
_aConsejo Nacional de Ciencia y Tecnología (Perú) _98513 |
||
| 942 |
_2ddc _cLIBROS |
||
| 945 | _araen | ||